000 00683nam a22002291 4500
008
020 _a9780521534093 (pbk.)
049 _aMAIN
090 _aQA805
_bGRE
100 1 _aGregory, R. Douglas.
245 1 0 _aClassical mechanics :
_ban undergraduate text /
_cR. Douglas Gregory.
260 _aCambridge :
_bCambridge University Press,
_c2006.
300 _axii, 596 p. :
_bill.
_c24 cm.
500 _aIncludes index.
504 _aIncludes bibliographical references.
650 0 _aMechanics
907 _a.b10302694
_b15-02-18
_c21-10-11
003
005 20230123125415.0
040 _cNUST
942 _cBOOKS
_kQA805
_mGRE
999 _c140971
_d140971